Mặt trận giải phóng dân tộc chính phủ cách mạng lâm thời tại hội nghị Paris tại Việt Nam Hồi ký
שמור ב:
| מחבר ראשי: | |
|---|---|
| פורמט: | ספר |
| יצא לאור: |
H.
chính trị quốc gia
2001
|
| נושאים: | |
| תגים: |
הוספת תג
אין תגיות, היה/י הראשונ/ה לתייג את הרשומה!
|
| Thư viện lưu trữ: | Trung tâm Học liệu Lê Vũ Hùng, Trường Đại học Đồng Tháp |
|---|
| LEADER | 00826pam a22002058a 4500 | ||
|---|---|---|---|
| 001 | 00000944 | ||
| 005 | 20171026081022.0 | ||
| 008 | 110324s2001 ||||||Viesd | ||
| 020 | |c 75000 | ||
| 041 | 0 | # | |a Vie |
| 082 | 1 | 4 | |a 959.704 3 |b M118TR |
| 100 | 0 | # | |a Nguyễn Thị Bình |
| 245 | 0 | 0 | |a Mặt trận giải phóng dân tộc chính phủ cách mạng lâm thời tại hội nghị Paris tại Việt Nam |b Hồi ký |c Nguyễn Thị Bình và tập thể tác giả |
| 260 | # | # | |a H. |b chính trị quốc gia |c 2001 |
| 300 | # | # | |a 688 tr. |c 22 cm. |
| 653 | # | # | |a Mặt trận giải phóng |a Hồi ký |a Việt Nam |
| 852 | # | # | |b Kho đọc |j KD.0000930 |
| 852 | # | # | |j KD.0000930 |
| 910 | |d 24/03/2011 | ||
| 980 | # | # | |a Trung tâm Học liệu Lê Vũ Hùng, Trường Đại học Đồng Tháp |